000 00805nas a2200277 4500
001 BR2016002205
003 BR-BrBNA
005 20231205130439.0
007 ta
008 230509b bl.|||p| |||| 00| 00por d
040 _aBR-BrBNA
_bpor
_cBiblioteca Nacional de Agricultura
041 _a(Pt)
072 _aL01
100 1 _aMaia, U.M.
100 1 _aJaffe, R.
100 1 _aCarvalho, A.T.
100 1 _aImperatriz-Fonseca, V.L.
245 1 _aMeliponicultura no Rio Grande do Norte
650 _aABELHA
650 _aAPICULTURA
650 _aMANEJO
650 _aRIO GRANDE DO NORTE
773 0 _tRevista Brasileira de Medicina Veterinária (Brazil)
_xISSN 0100-2430
_g(Oct-Dec 2015), v. 37(4) p. 327-333
_wBR2016002205
909 _a202311
_bLúcia
_c55
_dLúcia Elande
942 _2AGRIS
_n0
_cANA
999 _c249499
_d249499